00410pab a2200157 454500008004000000100002200040245003500062260000900097300001400106362000800120650001900128650002200147700002200169700003300191773002800224180718b2014 xxu||||| |||| 00| 0 eng d aKlandermans, Bert aComparing street demonstration c2014 ap.493-50. aNov aDemonstrations aProtest movements aWalgrave, Stefaan aStekelenburg, Jacquelien van aInternational Sociology